Polska na MŚ 1974 - Statystyki

Ogólne statystyki
  • Ten quiz został rozwiązany 201 razy
  • Średni wynik to 11 z 23
Statystyki odpowiedzi
Hint Odpowiedź % Poprawnych
12 Legia Warszawa Kazimierz Deyna
97%
16 Stal Mielec Grzegorz Lato
96%
2 ŁKS Łódź Jan Tomaszewski
91%
17 Górnik Zabrze Andrzej Szarmach
83%
Trener Kazimierz Górski
81%
6 Górnik Zabrze Jerzy Gorgoń
74%
18 Legia Warszawa Robert Gadocha
71%
9 Gwardia Warszawa Władysław Żmuda
67%
13 Stal Mielec Henryk Kasperczak
62%
4 Wisła Kraków Antoni Szymanowski
53%
19 Stal Mielec Jan Domarski
47%
10 Wisła Kraków Adam Musiał
41%
21 Wisła Kraków Kazimierz Kmiecik
41%
11 Legia Warszawa Lesław Ćmikiewicz
39%
20 Wisła Kraków Zdzisław Kapka
30%
14 Ruch Chorzów Zygmunt Maszczyk
29%
22 Wisła Kraków Marek Kusto
28%
5 Odra Opole Zbigniew Gut
25%
1 Górnik Zabrze Andrzej Fischer
24%
8 ŁKS Łódź Mirosław Bulzacki
24%
3 Śląsk Wrocław Zygmunt Kalinowski
17%
15 Lech Poznań Roman Jakóbczak
16%
7 Górnik Zabrze Henryk Wieczorek
11%
Nie znaleziono quizów pasujących do podanych kryteriów
Rozkład punktacji
Procent ludzi z każdym wynikiem
Percentyl według liczby udzielonych odpowiedzi
Twoja historia wyników
Nie rozwiązałeś tego quizu